000 01154nam a2200253Ia 4500
003 OSt
005 20220923211353.0
006 a|||||r|||| 00| 0
007 ta
008 220922b |||||||| |||| 00| 0 hin d
020 _a9788187445289 (hbk)
_c700
024 _a239,023
037 _b1998/I, 21/01/2009, Vidyanidhi Prakashan
_cTextual
040 _aARTS
_cARTS
_bhin
041 _2hin
_ahin
082 _aP15,Cx1,16:g, 152P9
100 _aत्रिवेदी, मनीष; शर्मा, श्रीकृष्ण
_9160320
245 0 _aरूपावतार एंव वैयाकरण सिद्धान्त कौमुदी
_b तुलनात्मक पर्यालोचन
246 _aRūpāvatār eanva vaiyākaraṇ siddhānta kaumudī: tulanātmak paryālochana
260 _aजयपुर
_b रितु पब्लिकेशन्स
_c2009
300 _a257पृ.
_ccm.
942 _hP15,Cx1,16:g, 152P9
_cTEXL
_2CC
999 _c298872
_d298872